000 00313nam a22001337a 4500
008 180807b xxu||||| |||| 00| 0 eng d
082 _a813.52
245 _aFundamental of financial menagement
_cBRIGHAM.E.F
260 _c2001
300 _a1
_fCD
440 _x18004479457
760 _b9 th
942 _2ddc
_cMX
999 _c46917
_d46917